000
00308nam a22001337a 4500
003
SGT
082
_a
612.015
_b
T14H
100
_a
HEGDE, PRAKASH L
245
_a
A TEXT BOOK OF DRAVYAGUNA VIJNANA
260
_a
VARANASI
_b
CHAUKHAMBHA
_c
2014
300
_a
991
650
_a
DRAVYAGUNA VIJNANA
942
_2
ddc
_c
BK
_0
3
999
_c
8454
_d
8454